Visualizzazione normale
Vista MARC
- Rohmer Eric
di Personal Name
Records bibliografici associati: 1
001 - CONTROL NUMBER
- control field: 48038
003 - CONTROL NUMBER IDENTIFIER
- control field: IT-RoPau
005 - DATE AND TIME OF LATEST TRANSACTION
- control field: 20151201114915.0
008 - FIXED-LENGTH DATA ELEMENTS
- fixed length control field: 151201|| aca||aabn | a|a d
040 ## - CATALOGING SOURCE
- Original cataloging agency: IT-RoPau
- Transcribing agency: IT-RoPau
100 ## - HEADING--PERSONAL NAME
- Personal name: Rohmer Eric
- Relator term: (soggetto)
- Miscellaneous information: Codice Soggetto SPICS: 1948
670 ## - SOURCE DATA FOUND
- Source citation: Work cat.: (IT-RoPau)106658: Rohmer Eric Codice regista SPICS: 1948 48035, SEGNO DEL LEONE (IL) SEGNO DEL LEONE (IL) (Rif. Codice opera principale : 29124)